000 00687nam a2200229 a 4500
999 _c11746
_d11746
001 11746
003 BD-JhCC
005 20200827121001.0
008 200827t2016 ii a|||| ||a| 000 0 eng d
020 _a9788193237298
035 _a(BD-JhCC)11746
040 _aBD-JhCC
_dBD-JhCC
041 _aeng
082 _a954.80310924
_bBRI 2016
100 _aBrittlebank,Kate
245 _aTiger:
_b The Life Of Tipu Sultan /
_cKate Brittlebank.
260 _aIndia:
_bJuggernaut;
_c2016.
300 _a163 p. :
_bill;
_c20 cm.
651 _aIndia--Mysore
_eIndia--Karnataka
_xTipu Sultan, Fath ʻAli, Nawab of Mysore, 1753-1799
_yKings and rulers
_zIndia
942 _2ddc
_cBK